| 000 | 00587nam a22001937a 4500 | ||
|---|---|---|---|
| 003 | OSt | ||
| 005 | 20260124033334.0 | ||
| 008 | 260124b |||||||| |||| 00| 0 eng d | ||
| 020 | _a0-7674-0493-9. | ||
| 040 |
_aDWC-Main lib. _cOC |
||
| 082 | _aCirc. 792 C66t 2000 | ||
| 100 | _aCohen, Robert | ||
| 245 |
_aTheatre/ _cRobert Cohen |
||
| 260 |
_aCalifornia: _bMayfield Publishing Co., _c c2000. |
||
| 300 |
_axvii, 508 p. : _bcolored illustrations ; _c23 cm. |
||
| 504 | _aIncludes bibliographical references and index. | ||
| 650 | _aTheatre. | ||
| 942 |
_2ddc _cBK-CIRC _hCirc. _n0 |
||
| 999 |
_c7766 _d7766 |
||